00812nam a22002177a 4500999001700000003000900017008004100026040007100067082002000138100002700158245004400185260004400229300002800273505007700301650003400378650002800412650002200440942001600462945002100478952009500499 c17040d17040AR-CdUCM190507b ||||| |||| 00| 0 eng d aMUNICIPALIDAD PROVINCIAL DEL CUSCOcBIBLIOTECA MUNICIPAL DEL CUSCO 22eda415 /bK78 aKovacci, Ofelia Marí aTendencias actuales de la gramática / aBuenos Aires :bNuevos esquemas,c1971. a302 páginas ;c17 cm. aContenido: Ferdinand de Saussure -- Escuela de Praga -- Glosemática... aGramática generativa936857 aEscuela de Praga936858 aGramática99175 2ddccLIBROS adavvd07/05/2019 002ddc4070aSHbSHcCARTd2019-05-07g20.00o415 / K78pSH0000012215r2019-05-07yLIBROS